| 000 | 00477nam a22001937a 4500 | ||
|---|---|---|---|
| 003 | MPLRDC | ||
| 005 | 20220104124347.0 | ||
| 008 | 210129b ||||| |||| 00| 0 eng d | ||
| 020 | _a957-8837-70-4 | ||
| 082 | _a857.7 DSXS v.13 | ||
| 100 | _a杨璧莹、刘桂英著 | ||
| 245 |
_a儿子的三个半 _c |
||
| 250 | _a初版 | ||
| 260 |
_a _b九仪出版社 _c1995 |
||
| 300 | _b平 | ||
| 490 | _a电视小说. 13 | ||
| 650 | _a长篇小说 | ||
| 942 |
_cBK _o857.7 DSXS v.13 |
||
| 999 |
_c18720 _d18710 |
||